000 00321nam a22001337a 4500
008 170419b xxu||||| |||| 00| 0 eng d
020 _a9781930808461
041 _aeng
080 _238TH
_a573
100 _a11
101 _aSHM
245 _aTHE SANFORD GUIDE TO MICROBIAL THERAPY 2008
_cGILBERT, D.N
942 _2udc
_cBK
999 _c11214
_d11214